000 00448nam a2200133Ia 4500
008 100328s9999 xx 000 0 und d
082 _b63829
100 _aखांडेकर वि.स.
245 _aरिकामा देव्हारा.
260 _bदेशमुख आणि कंपनी.
630 _aरिकामा देव्हारा.
730 _aरिकामा देव्हारा.
942 _cBOOK
999 _c549670
_d549667